000 005630000a22001810004500
003 MACL
005 20160428132348.0
008 160428b xxu||||| |||| 00| 0 eng d
040 _aMACL
_cMACL
041 _aHindi
082 _a800
100 _aडॉ कृष्‍णदत्‍त पालीवाल
_954549
245 _aसर्वेश्‍वर और उनकी कविता
260 _bलिपि प्रकाशन
_c1992
_aदिल्‍ली
350 _a95
650 _aLiteracture
_954550
942 _cHIN
_k800/PAL/L
_2ddc
999 _c21557
_d21557